[Event "OEISM 0818 BLMM"]
[Site "austriablmm"]
[Date "2020.12.12"]
[Round "7"]
[White "BORRMANN"]
[Black "Schaf2009"]
[Result "0-1"]
[WhiteElo "1988"]
[BlackElo "1776"]
[Annotator "NA"]
[PlyCount "154"]
[EventDate "2020.12.12"]
[EventType "blitz"]

1. e4 {[%emt 0:00:03]} c6 {[%emt 0:00:03]} 2. Nc3 {[%emt 0:00:10]} d5 {[%emt 0:00:03]} 3. Nf3 {[%emt 0:00:01]} dxe4 {[%emt 0:00:33]} 4. Nxe4 {[%emt 0:00:00]} Bg4 {[%emt 0:00:02]} 5. Bc4 {[%emt 0:00:12]} e6 {[%emt 0:00:16]} 6. O-O {[%emt 0:00:23]} Nd7 {[%emt 0:00:17]} 7. h3 {[%emt 0:00:05]} Bh5 {[%emt 0:00:07]} 8. Ng3 {[%emt 0:00:05]} Bg6 {[%emt 0:00:05]} 9. d4 {[%emt 0:00:02]} Ngf6 {[%emt 0:00:03]} 10. Qe2 {[%emt 0:00:03] Schaf2009 offers a draw} Bd6 {[%emt 0:00:11]} 11. Ne5 {[%emt 0:00:23]} Qe7 {[%emt 0:00:31]} 12. a4 {[%emt 0:00:17]} Nb6 {[%emt 0:00:45]} 13. Nxg6 {[%emt 0:00:27]} hxg6 {[%emt 0:00:05]} 14. Bd3 {[%emt 0:00:03]} Nbd5 {[%emt 0:00:37]} 15. Ne4 {[%emt 0:00:29]} Nxe4 {[%emt 0:00:10]} 16. Bxe4 {[%emt 0:00:02]} Bc7 {[%emt 0:00:09]} 17. f4 {[%emt 0:00:58]} Qf6 {[%emt 0:01:49]} 18. c3 {[%emt 0:01:13]} Rh4 {[%emt 0:00:40]} 19. Bxd5 {[%emt 0:00:10]} cxd5 {[%emt 0:00:06]} 20. Qb5+ {[%emt 0:00:06]} Kd8 {[%emt 0:00:29]} 21. Qxb7 {[%emt 0:00:14]} Rc8 {[%emt 0:00:14]} 22. Qxa7 {[%emt 0:00:17]} Qf5 {[%emt 0:00:44]} 23. Qa6 {[%emt 0:00:13]} Kd7 {[%emt 0:00:54]} 24. Qb5+ {[%emt 0:00:06]} Kd6 {[%emt 0:00:10]} 25. b3 {[%emt 0:00:10]} Ke7 {[%emt 0:00:09]} 26. Ba3+ {[%emt 0:00:03]} Kd8 {[%emt 0:00:16]} 27. Qc5 {[%emt 0:00:04]} Qf6 {[%emt 0:00:13]} 28. a5 {[%emt 0:00:59]} Bxf4 {[%emt 0:00:19]} 29. Qb6+ {[%emt 0:00:16]} Kd7 {[%emt 0:00:15]} 30. Qb5+ {[%emt 0:00:04]} Kd8 {[%emt 0:00:10]} 31. Qe2 {[%emt 0:00:19]} Qg5 {[%emt 0:00:08]} 32. a6 {[%emt 0:00:17]} Qg3 {[%emt 0:00:25]} 33. Rxf4 {[%emt 0:00:11]} Rxf4 {[%emt 0:00:08]} 34. Bd6 {[%emt 0:00:20]} Qxc3 {[%emt 0:00:09]} 35. Re1 {[%emt 0:00:11]} Re4 {[%emt 0:00:08]} 36. Qb5 {[%emt 0:00:22]} Rxe1+ {[%emt 0:00:11]} 37. Kh2 {[%emt 0:00:02]} Qc6 {[%emt 0:00:08]} 38. Qa5+ {[%emt 0:00:09]} Kd7 {[%emt 0:00:01]} 39. Bf4 {[%emt 0:00:06]} Re4 {[%emt 0:00:04]} 40. Bg3 {[%emt 0:00:07]} f5 {[%emt 0:00:02]} 41. a7 {[%emt 0:00:05]} Ra8 {[%emt 0:00:02]} 42. Be5 {[%emt 0:00:04]} Re2 {[%emt 0:00:09]} 43. Qb4 {[%emt 0:00:11]} Re4 {[%emt 0:00:02]} 44. Qd2 {[%emt 0:00:15]} Rxa7 {[%emt 0:00:04]} 45. Qg5 {[%emt 0:00:01]} Qc8 {[%emt 0:00:06]} 46. Qxg6 {[%emt 0:00:02]} Qe8 {[%emt 0:00:01]} 47. Qxg7+ {[%emt 0:00:02]} Qe7 {[%emt 0:00:01]} 48. Qg6 {[%emt 0:00:02]} Kc6 {[%emt 0:00:01]} 49. Qg3 {[%emt 0:00:03]} Ra2 {[%emt 0:00:01]} 50. Qc3+ {[%emt 0:00:02]} Kb5 {[%emt 0:00:05]} 51. Qc8 {[%emt 0:00:07]} Kb4 {[%emt 0:00:06]} 52. Qb8+ {[%emt 0:00:34]} Kc3 {[%emt 0:00:04]} 53. Qc8+ {[%emt 0:00:01]} Kd3 {[%emt 0:00:02]} 54. Qc1 {[%emt 0:00:02]} Ree2 {[%emt 0:00:01]} 55. Qd1+ {[%emt 0:00:03]} Rad2 {[%emt 0:00:01]} 56. Qb1+ {[%emt 0:00:02]} Ke3 {[%emt 0:00:02]} 57. Qg1+ {[%emt 0:00:02]} Ke4 {[%emt 0:00:04]} 58. Qf1 {[%emt 0:00:10]} Rxg2+ {[%emt 0:00:02]} 59. Kh1 {[%emt 0:00:01]} Rh2+ {[%emt 0:00:02]} 60. Kg1 {[%emt 0:00:01]} Rdg2+ {[%emt 0:00:01]} 61. Qxg2+ {[%emt 0:00:02]} Rxg2+ {[%emt 0:00:00]} 62. Kxg2 {[%emt 0:00:00]} Qb4 {[%emt 0:00:06]} 63. h4 {[%emt 0:00:01]} Qxb3 {[%emt 0:00:01]} 64. h5 {[%emt 0:00:01]} Qb7 {[%emt 0:00:01]} 65. Kg3 {[%emt 0:00:02]} Qh7 {[%emt 0:00:01]} 66. Kh4 {[%emt 0:00:01]} f4 {[%emt 0:00:02]} 67. Kg4 {[%emt 0:00:02]} f3 {[%emt 0:00:02]} 68. Bg3 {[%emt 0:00:02]} Qh6 {[%emt 0:00:05]} 69. Bf2 {[%emt 0:00:02]} Qf4+ {[%emt 0:00:04]} 70. Kh3 {[%emt 0:00:01]} Qg5 {[%emt 0:00:03]} 71. Bh4 {[%emt 0:00:05]} Qxh5 {[%emt 0:00:02]} 72. Kg3 {[%emt 0:00:01]} Kf5 {[%emt 0:00:03]} 73. Bd8 {[%emt 0:00:02]} Qg4+ {[%emt 0:00:01]} 74. Kf2 {[%emt 0:00:01]} Ke4 {[%emt 0:00:01]} 75. Bc7 {[%emt 0:00:02]} Qg2+ {[%emt 0:00:01]} 76. Ke1 {[%emt 0:00:01]} f2+ {[%emt 0:00:02]} 77. Kd1 {[%emt 0:00:03]} f1=Q# {[%emt 0:00:02] Mate Mate} 0-1

[Event "OEISM 0818 BLMM"]
[Site "austriablmm"]
[Date "2020.12.12"]
[Round "7"]
[White "Jakob19"]
[Black "Pernerstorfer_Max"]
[Result "1-0"]
[WhiteElo "1975"]
[BlackElo "1904"]
[Annotator "NA"]
[PlyCount "131"]
[EventDate "2020.12.12"]
[EventType "blitz"]

1. e4 {[%emt 0:00:03]} e5 {[%emt 0:00:02]} 2. Nf3 {[%emt 0:00:01]} Nc6 {[%emt 0:00:01]} 3. d4 {[%emt 0:00:02]} exd4 {[%emt 0:00:01]} 4. Nxd4 {[%emt 0:00:00]} Bc5 {[%emt 0:00:01]} 5. Nxc6 {[%emt 0:00:02]} Qf6 {[%emt 0:00:02]} 6. Qf3 {[%emt 0:00:01]} bxc6 {[%emt 0:00:03]} 7. Nc3 {[%emt 0:00:05]} Qxf3 {[%emt 0:00:28]} 8. gxf3 {[%emt 0:00:00]} Ne7 {[%emt 0:00:01]} 9. Bc4 {[%emt 0:00:04]} a5 {[%emt 0:00:05]} 10. a3 {[%emt 0:00:23]} Ba6 {[%emt 0:00:04]} 11. Bxa6 {[%emt 0:00:02]} Rxa6 {[%emt 0:00:02]} 12. Be3 {[%emt 0:00:02]} Bxe3 {[%emt 0:01:06]} 13. fxe3 {[%emt 0:00:00]} d5 {[%emt 0:00:01]} 14. O-O-O {[%emt 0:00:08]} dxe4 {[%emt 0:00:16]} 15. Nxe4 {[%emt 0:00:02]} Nd5 {[%emt 0:00:10]} 16. Nc5 {[%emt 0:00:51]} Ra8 {[%emt 0:00:16]} 17. e4 {[%emt 0:00:02]} Nf6 {[%emt 0:00:10]} 18. Rd3 {[%emt 0:00:45]} Rd8 {[%emt 0:00:08]} 19. Rxd8+ {[%emt 0:00:10]} Kxd8 {[%emt 0:00:05]} 20. Nb7+ {[%emt 0:00:01]} Ke7 {[%emt 0:00:13]} 21. Nxa5 {[%emt 0:00:04]} c5 {[%emt 0:00:07]} 22. Rd1 {[%emt 0:00:03]} Ra8 {[%emt 0:00:19]} 23. Nc4 {[%emt 0:00:07]} Nd7 {[%emt 0:00:31]} 24. Kd2 {[%emt 0:00:31]} g5 {[%emt 0:00:06]} 25. Kc3 {[%emt 0:00:17]} f6 {[%emt 0:00:11]} 26. b3 {[%emt 0:00:39]} h5 {[%emt 0:00:22]} 27. h3 {[%emt 0:00:12]} Ke6 {[%emt 0:00:37]} 28. a4 {[%emt 0:00:04]} Ra7 {[%emt 0:00:57]} 29. Rd5 {[%emt 0:00:25]} h4 {[%emt 0:01:47]} 30. Kd3 {[%emt 0:00:46]} Ra8 {[%emt 0:00:23]} 31. Ke3 {[%emt 0:00:06]} Rg8 {[%emt 0:00:08]} 32. a5 {[%emt 0:00:35]} Rb8 {[%emt 0:00:30]} 33. f4 {[%emt 0:00:15]} gxf4+ {[%emt 0:00:42]} 34. Kxf4 {[%emt 0:00:00]} Rg8 {[%emt 0:00:01]} 35. Rh5 {[%emt 0:00:21]} Nf8 {[%emt 0:00:22]} 36. Rxc5 {[%emt 0:00:07]} Rg3 {[%emt 0:00:07]} 37. Rc6+ {[%emt 0:00:15]} Kf7 {[%emt 0:01:06]} 38. e5 {[%emt 0:00:14]} Ng6+ {[%emt 0:00:02]} 39. Ke4 {[%emt 0:00:03]} fxe5 {[%emt 0:00:14]} 40. Nxe5+ {[%emt 0:00:05]} Nxe5 {[%emt 0:00:02]} 41. Kxe5 {[%emt 0:00:00]} Rxh3 {[%emt 0:00:01]} 42. Rxc7+ {[%emt 0:00:01]} Kg6 {[%emt 0:00:01]} 43. a6 {[%emt 0:00:14]} Rh1 {[%emt 0:00:07]} 44. a7 {[%emt 0:00:19]} Ra1 {[%emt 0:00:02]} 45. Kf4 {[%emt 0:00:05]} Kh5 {[%emt 0:00:04]} 46. Rh7+ {[%emt 0:00:04]} Kg6 {[%emt 0:00:01]} 47. Rxh4 {[%emt 0:00:01]} Rxa7 {[%emt 0:00:01]} 48. Ke3 {[%emt 0:00:02]} Kf5 {[%emt 0:00:03]} 49. Re4 {[%emt 0:00:05]} Rd7 {[%emt 0:00:03]} 50. Re8 {[%emt 0:00:02]} Kf6 {[%emt 0:00:06]} 51. Ke2 {[%emt 0:00:02]} Kf7 {[%emt 0:00:04]} 52. Re3 {[%emt 0:00:02]} Kf6 {[%emt 0:00:01]} 53. c4 {[%emt 0:00:02]} Kf7 {[%emt 0:00:06]} 54. Rd3 {[%emt 0:00:02]} Rb7 {[%emt 0:00:02]} 55. Kd2 {[%emt 0:00:03]} Ke7 {[%emt 0:00:01]} 56. Kc3 {[%emt 0:00:01]} Rb8 {[%emt 0:00:03]} 57. b4 {[%emt 0:00:01]} Rb7 {[%emt 0:00:02]} 58. c5 {[%emt 0:00:01]} Rc7 {[%emt 0:00:04]} 59. Kc4 {[%emt 0:00:01]} Rb7 {[%emt 0:00:01]} 60. b5 {[%emt 0:00:01]} Rb8 {[%emt 0:00:08]} 61. c6 {[%emt 0:00:01]} Rc8 {[%emt 0:00:01]} 62. Kc5 {[%emt 0:00:01]} Rd8 {[%emt 0:00:05]} 63. Rxd8 {[%emt 0:00:07]} Kxd8 {[%emt 0:00:00]} 64. Kd6 {[%emt 0:00:01]} Kc8 {[%emt 0:00:01]} 65. c7 {[%emt 0:00:01]} Kb7 {[%emt 0:00:02]} 66. Kd7 {[%emt 0:00:01] Pernerstorfer_Max resigns} 1-0

[Event "OEISM 0818 BLMM"]
[Site "austriablmm"]
[Date "2020.12.12"]
[Round "7"]
[White "Ppe1968"]
[Black "Valeria5492"]
[Result "1-0"]
[WhiteElo "1931"]
[BlackElo "1424"]
[Annotator "NA"]
[PlyCount "47"]
[EventDate "2020.12.12"]
[EventType "blitz"]

1. d4 {[%emt 0:00:11]} d5 {[%emt 0:00:03]} 2. Nf3 {[%emt 0:00:07]} Nc6 {[%emt 0:00:09]} 3. g3 {[%emt 0:00:01]} Nf6 {[%emt 0:00:08]} 4. Bg2 {[%emt 0:00:01]} e6 {[%emt 0:00:22]} 5. O-O {[%emt 0:00:05]} Bd6 {[%emt 0:00:03]} 6. c4 {[%emt 0:00:01]} dxc4 {[%emt 0:00:43]} 7. Nc3 {[%emt 0:00:01]} e5 {[%emt 0:00:13]} 8. dxe5 {[%emt 0:00:19]} Nxe5 {[%emt 0:00:03]} 9. Nxe5 {[%emt 0:00:05]} Bxe5 {[%emt 0:00:20]} 10. Qxd8+ {[%emt 0:00:03]} Kxd8 {[%emt 0:00:02]} 11. Rd1+ {[%emt 0:00:11]} Bd7 {[%emt 0:00:07]} 12. Bg5 {[%emt 0:00:16]} Ke7 {[%emt 0:00:17]} 13. Nd5+ {[%emt 0:00:08]} Kd8 {[%emt 0:00:21]} 14. Nxf6 {[%emt 0:00:30]} gxf6 {[%emt 0:00:13]} 15. Bh3 {[%emt 0:01:18]} Ke7 {[%emt 0:00:37]} 16. Rxd7+ {[%emt 0:00:03]} Kf8 {[%emt 0:00:04]} 17. Bh6+ {[%emt 0:00:02]} Ke8 {[%emt 0:00:16]} 18. Rad1 {[%emt 0:00:02]} Rc8 {[%emt 0:00:54]} 19. R7d5 {[%emt 0:00:08]} Rg8 {[%emt 0:00:50]} 20. Bxc8 {[%emt 0:00:04]} Ke7 {[%emt 0:00:40]} 21. Rd7+ {[%emt 0:00:03]} Ke6 {[%emt 0:00:07]} 22. Rd8+ {[%emt 0:00:02]} Ke7 {[%emt 0:00:09]} 23. R1d7+ {[%emt 0:00:01]} Ke6 {[%emt 0:00:07]} 24. Rxc7# {[%emt 0:00:00] (Lag: Av=0.30s, max=0.5s) Mate} 1-0

[Event "OEISM 0818 BLMM"]
[Site "austriablmm"]
[Date "2020.12.12"]
[Round "7"]
[White "viczekata"]
[Black "Weirdo1"]
[Result "1/2-1/2"]
[WhiteElo "1880"]
[BlackElo "1848"]
[Annotator "NA RC"]
[PlyCount "72"]
[EventDate "2020.12.12"]
[EventType "blitz"]

1. e4 {[%emt 0:00:03]} e5 {[%emt 0:00:02]} 2. Nf3 {[%emt 0:00:02]} Nc6 {[%emt 0:00:01]} 3. d4 {[%emt 0:00:02]} exd4 {[%emt 0:00:01]} 4. Bc4 {[%emt 0:00:01]} Bc5 {[%emt 0:00:01]} 5. c3 {[%emt 0:00:02]} Nf6 {[%emt 0:00:06]} 6. e5 {[%emt 0:00:01]} d5 {[%emt 0:00:01]} 7. Bb5 {[%emt 0:00:01]} Ne4 {[%emt 0:00:01]} 8. cxd4 {[%emt 0:00:00]} Bb6 {[%emt 0:00:01]} 9. O-O {[%emt 0:00:07]} Bg4 {[%emt 0:00:03]} 10. Be3 {[%emt 0:00:04]} O-O {[%emt 0:00:05]} 11. Nc3 {[%emt 0:00:07]} f6 {[%emt 0:00:08]} 12. exf6 {[%emt 0:01:13]} Rxf6 {[%emt 0:00:35]} 13. Be2 {[%emt 0:00:14]} Nxc3 {[%emt 0:00:58]} 14. bxc3 {[%emt 0:00:04]} Qd6 {[%emt 0:00:08]} 15. Qd2 {[%emt 0:00:10]} Raf8 {[%emt 0:00:17]} 16. Ng5 {[%emt 0:00:23]} Bxe2 {[%emt 0:00:19]} 17. Qxe2 {[%emt 0:00:02]} Na5 {[%emt 0:00:13]} 18. Rae1 {[%emt 0:00:30]} Nc4 {[%emt 0:00:09]} 19. Bc1 {[%emt 0:00:01]} h6 {[%emt 0:00:16]} 20. Nf3 {[%emt 0:00:16]} c6 {[%emt 0:00:32]} 21. Nh4 {[%emt 0:00:07]} Bc7 {[%emt 0:00:21]} 22. g3 {[%emt 0:00:22]} Ba5 {[%emt 0:00:26]} 23. Qd3 {[%emt 0:00:14]} Qd7 {[%emt 0:01:33]} 24. Ng6 {[%emt 0:00:08]} R8f7 {[%emt 0:00:20]} 25. Re2 {[%emt 0:00:14]} Rf3 {[%emt 0:00:08]} 26. Ne7+ {[%emt 0:00:17]} Kf8 {[%emt 0:00:38]} 27. Ng6+ {[%emt 0:00:34]} Kg8 {[%emt 0:00:02]} 28. Qb1 {[%emt 0:00:15]} Bxc3 {[%emt 0:00:27]} 29. Bf4 {[%emt 0:00:17]} Na3 {[%emt 0:00:47]} 30. Qd1 {[%emt 0:00:17]} R3xf4 {[%emt 0:01:59]} 31. Nxf4 {[%emt 0:01:13]} Rxf4 {[%emt 0:00:09]} 32. gxf4 {[%emt 0:00:49]} Qg4+ {[%emt 0:00:02]} 33. Kh1 {[%emt 0:00:01]} Qf3+ {[%emt 0:00:01]} 34. Kg1 {[%emt 0:00:01]} Qg4+ {[%emt 0:00:01]} 35. Kh1 {[%emt 0:00:01]} Qf3+ {[%emt 0:00:01]} 36. Kg1 {[%emt 0:00:01]} Qg4+ {[%emt 0:00:01] Threefold Rep} 1/2-1/2

[Event "OEISM 0818 BLMM"]
[Site "austriablmm"]
[Date "2020.12.12"]
[Round "7"]
[White "Nico2006"]
[Black "Zsofia04"]
[Result "1/2-1/2"]
[WhiteElo "1857"]
[BlackElo "1860"]
[Annotator "NA"]
[PlyCount "87"]
[EventDate "2020.12.12"]
[EventType "blitz"]

1. d4 {[%emt 0:00:02]} d5 {[%emt 0:00:02]} 2. c4 {[%emt 0:00:02]} e6 {[%emt 0:00:01]} 3. Nc3 {[%emt 0:00:01]} Nf6 {[%emt 0:00:01]} 4. cxd5 {[%emt 0:00:01]} exd5 {[%emt 0:00:02]} 5. Bg5 {[%emt 0:00:02]} Be7 {[%emt 0:00:02]} 6. e3 {[%emt 0:00:02]} O-O {[%emt 0:00:02]} 7. Qc2 {[%emt 0:00:02]} c6 {[%emt 0:00:02]} 8. Bd3 {[%emt 0:00:02]} h6 {[%emt 0:00:11]} 9. Bh4 {[%emt 0:00:03]} Be6 {[%emt 0:00:04]} 10. Nf3 {[%emt 0:00:03]} Nbd7 {[%emt 0:00:02]} 11. O-O {[%emt 0:00:03]} Rc8 {[%emt 0:00:06]} 12. Rab1 {[%emt 0:00:19]} Qc7 {[%emt 0:00:40]} 13. Bg3 {[%emt 0:00:19]} Qd8 {[%emt 0:00:20]} 14. b4 {[%emt 0:00:26]} Nh5 {[%emt 0:00:11]} 15. Qd2 {[%emt 0:00:41]} Nxg3 {[%emt 0:00:11]} 16. hxg3 {[%emt 0:00:01]} Nf6 {[%emt 0:00:03]} 17. b5 {[%emt 0:00:04]} c5 {[%emt 0:01:32]} 18. dxc5 {[%emt 0:00:12]} Bxc5 {[%emt 0:00:03]} 19. Ne2 {[%emt 0:00:07]} Qb6 {[%emt 0:00:13]} 20. Ned4 {[%emt 0:00:07]} Rfd8 {[%emt 0:00:19]} 21. a4 {[%emt 0:00:05]} Qd6 {[%emt 0:00:58]} 22. Rfc1 {[%emt 0:00:52]} Ne4 {[%emt 0:00:44]} 23. Qd1 {[%emt 0:00:56]} Ba3 {[%emt 0:00:31]} 24. Rxc8 {[%emt 0:00:06]} Rxc8 {[%emt 0:00:02]} 25. Bxe4 {[%emt 0:00:07]} dxe4 {[%emt 0:00:04]} 26. Nd2 {[%emt 0:00:06]} f5 {[%emt 0:01:03]} 27. Nxe6 {[%emt 0:00:42]} Qxe6 {[%emt 0:00:07]} 28. Qb3 {[%emt 0:00:32]} Qxb3 {[%emt 0:00:05]} 29. Nxb3 {[%emt 0:00:02]} Rc4 {[%emt 0:00:25]} 30. Nd4 {[%emt 0:00:03]} g6 {[%emt 0:00:12]} 31. a5 {[%emt 0:00:12]} Rb4 {[%emt 0:01:34]} 32. Rxb4 {[%emt 0:00:19]} Bxb4 {[%emt 0:00:02]} 33. a6 {[%emt 0:00:14]} bxa6 {[%emt 0:00:02]} 34. bxa6 {[%emt 0:00:01]} Kf7 {[%emt 0:00:04]} 35. Kf1 {[%emt 0:00:25]} Bc5 {[%emt 0:00:02]} 36. Nb3 {[%emt 0:00:02]} Bb4 {[%emt 0:00:05]} 37. f3 {[%emt 0:00:05]} exf3 {[%emt 0:00:06]} 38. gxf3 {[%emt 0:00:01]} Ke6 {[%emt 0:00:02]} 39. Ke2 {[%emt 0:00:23]} Kd5 {[%emt 0:00:04]} 40. Nd4 {[%emt 0:00:19]} Bc5 {[%emt 0:00:12]} 41. Nb5 {[%emt 0:00:47]} Bb6 {[%emt 0:00:15]} 42. Kd3 {[%emt 0:00:09]} Kc5 {[%emt 0:00:06]} 43. Nd4 {[%emt 0:00:06]} Kd5 {[%emt 0:00:04]} 44. Nb5 {[%emt 0:00:03]} 1/2-1/2

[Event "OEISM 0818 BLMM"]
[Site "austriablmm"]
[Date "2020.12.12"]
[Round "7"]
[White "NIKO2011"]
[Black "Chachacha7"]
[Result "1-0"]
[WhiteElo "1831"]
[BlackElo "1717"]
[Annotator "NA"]
[PlyCount "153"]
[EventDate "2020.12.12"]
[EventType "blitz"]

1. e4 {[%emt 0:00:02]} e6 {[%emt 0:00:02]} 2. d4 {[%emt 0:00:02]} d5 {[%emt 0:00:02]} 3. Nc3 {[%emt 0:00:01]} dxe4 {[%emt 0:00:02]} 4. Nxe4 {[%emt 0:00:01]} Nd7 {[%emt 0:00:01]} 5. Nf3 {[%emt 0:00:03]} Ngf6 {[%emt 0:00:02]} 6. Nxf6+ {[%emt 0:00:06]} Nxf6 {[%emt 0:00:02]} 7. Bg5 {[%emt 0:00:02]} c5 {[%emt 0:00:07]} 8. dxc5 {[%emt 0:00:05]} Qxd1+ {[%emt 0:00:19]} 9. Rxd1 {[%emt 0:00:00]} Bxc5 {[%emt 0:00:02]} 10. Bb5+ {[%emt 0:00:01]} Bd7 {[%emt 0:00:28]} 11. Bxf6 {[%emt 0:00:19]} Bxb5 {[%emt 0:00:09]} 12. Bxg7 {[%emt 0:00:02]} Rg8 {[%emt 0:00:10]} 13. Be5 {[%emt 0:00:02]} Bc6 {[%emt 0:00:28]} 14. Bg3 {[%emt 0:00:07]} Bxf3 {[%emt 0:01:04]} 15. gxf3 {[%emt 0:00:03]} Rc8 {[%emt 0:00:26]} 16. c3 {[%emt 0:00:11]} Rd8 {[%emt 0:01:01]} 17. Rxd8+ {[%emt 0:00:05]} Kxd8 {[%emt 0:00:02]} 18. Ke2 {[%emt 0:00:01]} Be7 {[%emt 0:00:18]} 19. Rd1+ {[%emt 0:00:05]} Kc8 {[%emt 0:00:04]} 20. Rd4 {[%emt 0:00:07]} Bd8 {[%emt 0:00:41]} 21. Ra4 {[%emt 0:00:12]} Bb6 {[%emt 0:00:28]} 22. Rf4 {[%emt 0:00:07]} Rf8 {[%emt 0:00:21]} 23. Rh4 {[%emt 0:00:13]} Kd7 {[%emt 0:01:24]} 24. Rxh7 {[%emt 0:00:05]} Bc7 {[%emt 0:00:13]} 25. Rh4 {[%emt 0:00:10]} Bb6 {[%emt 0:00:26]} 26. Rf4 {[%emt 0:00:08]} f5 {[%emt 0:00:18]} 27. Rh4 {[%emt 0:00:06]} Rf7 {[%emt 0:00:05]} 28. Bf4 {[%emt 0:00:18]} Bc5 {[%emt 0:00:05]} 29. Be3 {[%emt 0:00:04]} Bxe3 {[%emt 0:00:12]} 30. fxe3 {[%emt 0:00:03]} Rg7 {[%emt 0:00:02]} 31. Kf2 {[%emt 0:00:03]} Kd6 {[%emt 0:00:02]} 32. Rh3 {[%emt 0:00:01]} Ke5 {[%emt 0:00:06]} 33. Rg3 {[%emt 0:00:04]} Rh7 {[%emt 0:00:04]} 34. Kg2 {[%emt 0:00:02]} Rd7 {[%emt 0:00:06]} 35. Kh1 {[%emt 0:00:12]} Rd2 {[%emt 0:00:09]} 36. Rg2 {[%emt 0:00:04]} Rd1+ {[%emt 0:00:01]} 37. Rg1 {[%emt 0:00:01]} Rd2 {[%emt 0:00:01]} 38. Rb1 {[%emt 0:00:02]} Re2 {[%emt 0:00:06]} 39. Kg1 {[%emt 0:00:07]} Rxe3 {[%emt 0:00:06]} 40. Kf2 {[%emt 0:00:04]} Rd3 {[%emt 0:00:02]} 41. Re1+ {[%emt 0:00:02]} Kf6 {[%emt 0:00:02]} 42. Ke2 {[%emt 0:00:05]} Rd7 {[%emt 0:00:03]} 43. Ke3 {[%emt 0:00:03]} Rh7 {[%emt 0:00:04]} 44. Re2 {[%emt 0:00:03]} Rh3 {[%emt 0:00:03]} 45. Rf2 {[%emt 0:00:07]} e5 {[%emt 0:00:06]} 46. Ke2 {[%emt 0:00:08]} Rh4 {[%emt 0:00:12]} 47. Kd3 {[%emt 0:00:15]} Ke6 {[%emt 0:00:14]} 48. Rd2 {[%emt 0:00:21]} Rh3 {[%emt 0:00:17]} 49. Ke3 {[%emt 0:00:03]} e4 {[%emt 0:00:06]} 50. Rf2 {[%emt 0:00:07]} exf3 {[%emt 0:00:01]} 51. Rxf3 {[%emt 0:00:02]} Rxh2 {[%emt 0:00:01]} 52. Rf2 {[%emt 0:00:00]} Rh3+ {[%emt 0:00:03]} 53. Kd2 {[%emt 0:00:01]} Ke5 {[%emt 0:00:02]} 54. Kc2 {[%emt 0:00:05]} Re3 {[%emt 0:00:18]} 55. Kd2 {[%emt 0:00:06]} Rg3 {[%emt 0:00:07]} 56. Ke2 {[%emt 0:01:41]} Ke4 {[%emt 0:00:06]} 57. Kd2 {[%emt 0:00:12]} f4 {[%emt 0:00:16]} 58. Re2+ {[%emt 0:00:52]} Kf3 {[%emt 0:00:14]} 59. Re7 {[%emt 0:00:08]} Kg2 {[%emt 0:00:04]} 60. Rxb7 {[%emt 0:00:15]} f3 {[%emt 0:00:10]} 61. Rf7 {[%emt 0:00:22]} Rg6 {[%emt 0:00:20]} 62. Rxa7 {[%emt 0:00:11]} Rf6 {[%emt 0:00:17]} 63. Rg7+ {[%emt 0:00:11]} Kf1 {[%emt 0:00:10]} 64. a4 {[%emt 0:00:06]} Rd6+ {[%emt 0:00:02]} 65. Kc2 {[%emt 0:00:09]} f2 {[%emt 0:00:04]} 66. b4 {[%emt 0:00:07]} Re6 {[%emt 0:00:01]} 67. Rf7 {[%emt 0:00:13]} Ke1 {[%emt 0:00:06]} 68. b5 {[%emt 0:00:08]} f1=Q {[%emt 0:00:02]} 69. Rxf1+ {[%emt 0:00:07]} Kxf1 {[%emt 0:00:01]} 70. a5 {[%emt 0:00:08]} Re5 {[%emt 0:00:05]} 71. c4 {[%emt 0:00:23]} Ke2 {[%emt 0:00:05]} 72. a6 {[%emt 0:00:07]} Rc5 {[%emt 0:00:04]} 73. Kb3 {[%emt 0:00:13]} Kd3 {[%emt 0:00:02]} 74. a7 {[%emt 0:00:14]} Rc8 {[%emt 0:00:04]} 75. b6 {[%emt 0:00:05]} Kd4 {[%emt 0:00:02]} 76. b7 {[%emt 0:00:03]} Rc7 {[%emt 0:00:02]} 77. a8=Q {[%emt 0:00:04] Chachacha7 gibt auf} 1-0

[Event "OEISM 0818 BLMM"]
[Site "austriablmm"]
[Date "2020.12.12"]
[Round "7"]
[White "Blumenlaus"]
[Black "Daniel05"]
[Result "1-0"]
[WhiteElo "1817"]
[BlackElo "1865"]
[Annotator "NA"]
[PlyCount "101"]
[EventDate "2020.12.12"]
[EventType "blitz"]
[TimeControl "600+3"]

1. d4 {[%emt 0:00:24]} Nf6 {[%emt 0:00:03]} 2. c4 {[%emt 0:00:16]} e6 {[%emt 0:00:01]} 3. Nf3 {[%emt 0:00:06]} c5 {[%emt 0:00:01]} 4. g3 {[%emt 0:00:02]} cxd4 {[%emt 0:00:03]} 5. Nxd4 {[%emt 0:00:00]} Nc6 {[%emt 0:00:01]} 6. Bg2 {[%emt 0:00:02]} Qb6 {[%emt 0:00:09]} 7. Nxc6 {[%emt 0:00:04]} bxc6 {[%emt 0:00:05]} 8. O-O {[%emt 0:00:02]} Be7 {[%emt 0:01:09]} 9. Nc3 {[%emt 0:00:08]} O-O {[%emt 0:00:11]} 10. e4 {[%emt 0:00:06]} d6 {[%emt 0:00:10]} 11. b3 {[%emt 0:00:30]} e5 {[%emt 0:00:10]} 12. Ba3 {[%emt 0:00:03]} Bg4 {[%emt 0:00:11]} 13. Qc2 {[%emt 0:00:29]} Rfd8 {[%emt 0:00:37]} 14. h3 {[%emt 0:00:11]} Be6 {[%emt 0:00:02]} 15. Rfd1 {[%emt 0:00:10]} Bf8 {[%emt 0:00:03]} 16. c5 {[%emt 0:00:06]} Qa5 {[%emt 0:01:36]} 17. Na4 {[%emt 0:00:29]} d5 {[%emt 0:00:05]} 18. exd5 {[%emt 0:00:12]} Nxd5 {[%emt 0:00:26]} 19. Bb2 {[%emt 0:00:21]} f6 {[%emt 0:00:15]} 20. a3 {[%emt 0:00:07]} Qc7 {[%emt 0:00:27]} 21. b4 {[%emt 0:00:32]} Rab8 {[%emt 0:00:25]} 22. Nc3 {[%emt 0:00:05]} a5 {[%emt 0:00:18]} 23. Nxd5 {[%emt 0:00:14]} cxd5 {[%emt 0:00:03]} 24. Bc3 {[%emt 0:00:19]} Kh8 {[%emt 0:00:59] Daniel05 bietet Remis} 25. Be1 {[%emt 0:00:48]} d4 {[%emt 0:00:47]} 26. Rac1 {[%emt 0:00:34]} Bd5 {[%emt 0:00:08]} 27. Bxd5 {[%emt 0:00:09]} Rxd5 {[%emt 0:00:00]} 28. Qc4 {[%emt 0:00:04]} Qc6 {[%emt 0:00:09]} 29. h4 {[%emt 0:00:33]} Rdd8 {[%emt 0:00:18]} 30. bxa5 {[%emt 0:00:30]} Rb5 {[%emt 0:01:09]} 31. Bb4 {[%emt 0:00:09]} Rdb8 {[%emt 0:00:02]} 32. Rd2 {[%emt 0:00:23]} g6 {[%emt 0:00:11]} 33. Rb2 {[%emt 0:00:05]} Rxa5 {[%emt 0:00:14]} 34. Bxa5 {[%emt 0:00:18]} Rxb2 {[%emt 0:00:00]} 35. Qf7 {[%emt 0:00:01]} Bh6 {[%emt 0:00:41]} 36. Rf1 {[%emt 0:00:28]} Qxc5 {[%emt 0:00:16]} 37. Qxf6+ {[%emt 0:00:07]} Bg7 {[%emt 0:00:01]} 38. Qd8+ {[%emt 0:00:05]} Qf8 {[%emt 0:00:04]} 39. Qd5 {[%emt 0:00:09]} Re2 {[%emt 0:00:08]} 40. Bb4 {[%emt 0:00:04]} Qe8 {[%emt 0:00:02]} 41. a4 {[%emt 0:00:06]} h6 {[%emt 0:00:11]} 42. a5 {[%emt 0:00:07]} Rb2 {[%emt 0:00:03]} 43. Bc5 {[%emt 0:00:14]} Rb5 {[%emt 0:00:03]} 44. Ra1 {[%emt 0:00:24]} Qc8 {[%emt 0:00:05]} 45. a6 {[%emt 0:00:10]} Rxc5 {[%emt 0:00:03]} 46. Qxc5 {[%emt 0:00:01]} Qxc5 {[%emt 0:00:00]} 47. a7 {[%emt 0:00:01]} Qc6 {[%emt 0:00:09]} 48. a8=Q+ {[%emt 0:00:07]} Qxa8 {[%emt 0:00:01]} 49. Rxa8+ {[%emt 0:00:01]} Kh7 {[%emt 0:00:00] Daniel05 bietet Remis} 50. Kf1 {[%emt 0:00:03]} h5 {[%emt 0:00:03]} 51. Ke2 {[%emt 0:00:02] Zeit '} 1-0